000 00621nam a2200205Ii 4500
003 JO-AjNU
008 230605s9999||||xx |||||||||||||| ||und||
017 _a2002/8/2093
040 _aJO-AjNU
_bara
_erda
_cJO-AjNU
041 _aara
050 1 4 _aPJ7846 2002
100 3 _aتأليف الغول، نعيم,
_eauthor
_949554
245 0 0 _aحالة موت: قصص قصيرة
264 3 1 _aعمان:دار الفرقان،2002
300 _a142ص
336 _atext
_btxt
_2rdacontent
337 _aunmediated
_bn
_2rdamedia
338 _avolume
_bnc
_2rdacarrier
650 4 _aالأدب العربي - قصص
_949555
999 _aA21772
_c25340
_d25340